<?xml version="1.0" encoding="UTF-8"?>
<marc:record xmlns:marc="http://www.loc.gov/MARC21/slim">
   <marc:leader>00000nam a2200000 a 4500</marc:leader>
   <marc:datafield ind1="1" ind2=" " tag="100">
      <marc:subfield code="a">Ksiks, Fadlallah</marc:subfield>
      <marc:subfield code="4">aut</marc:subfield>
      <marc:subfield code="e">Verfasser/-in</marc:subfield>
   </marc:datafield>
   <marc:datafield ind1=" " ind2=" " tag="653">
      <marc:subfield code="a">Gebet</marc:subfield>
   </marc:datafield>
   <marc:datafield ind1=" " ind2=" " tag="653">
      <marc:subfield code="a">Islam</marc:subfield>
   </marc:datafield>
   <marc:datafield ind1=" " ind2=" " tag="653">
      <marc:subfield code="a">Ṣalāt</marc:subfield>
   </marc:datafield>
   <marc:datafield ind1="0" ind2="0" tag="245">
      <marc:subfield code="a">Wie man das Gebet verrichtet</marc:subfield>
   </marc:datafield>
   <marc:datafield ind1="0" ind2="0" tag="245">
      <marc:subfield code="b">kurze Anleitung zum islamischen Gebet</marc:subfield>
   </marc:datafield>
   <marc:datafield ind1="0" ind2="0" tag="245">
      <marc:subfield code="c">Fadlallah Ksiks</marc:subfield>
   </marc:datafield>
   <marc:datafield ind1=" " ind2="1" tag="264">
      <marc:subfield code="a">Düsseldorf</marc:subfield>
      <marc:subfield code="b">Islamische Bibliothek</marc:subfield>
      <marc:subfield code="c">2008</marc:subfield>
   </marc:datafield>
   <marc:datafield ind1="1" ind2=" " tag="520">
      <marc:subfield code="a">Angaben aus der Verlagsmeldung

Wie man das Gebet verrichtet : Kurze Anleitung zum islamischen Gebet / von Fadlallah Ksiks

Mit diesem Buch, das unser geschätzter Bruder Fadlallah Ksiks verfasst hat, möchten wir neben dem bereits erschienenen Titel "Aṣ-Ṣalāh; Das Gebet im Islam" (Muḥammad Aḥmad Rassoul, Islamische Bibliothek) eine Alternative für diejenigen Muslime bieten, die das Pflichtgebet auf einer leicht verständlichen und kurz gehaltenen Art und Weise erlernen wollen. Das Buch empfiehlt sich sowohl für neue Muslime, als auch für Erwachsene, Jugendliche, Kinder und nicht zuletzt für jene Muslime, welche das Gebet im Laufe der Jahre vernachlässigt haben. Es ist somit für jeden geeignet, der schnell und einfach das islamische Gebet mit den dazugehörenden Bewegungen und Ritualen vollziehen will.

* komplett bebildert
* Arabisch/Deutsch plus Lautumschrift
* Kompakt, bündig und leicht verständlich
</marc:subfield>
   </marc:datafield>
   <marc:datafield ind1=" " ind2=" " tag="020">
      <marc:subfield code="a">9783941111004</marc:subfield>
      <marc:subfield code="9">9783941111004</marc:subfield>
   </marc:datafield>
   <marc:datafield ind1=" " ind2=" " tag="041">
      <marc:subfield code="a">ger</marc:subfield>
   </marc:datafield>
   <marc:datafield ind1=" " ind2=" " tag="300">
      <marc:subfield code="a">56 S.</marc:subfield>
   </marc:datafield>
</marc:record>
